Missing Word: Game of Thrones Episodes Quiz Stats

 Plays Quiz Updated Jul 30, 2017

Support Sporcle.
Go Orange.
Score 0/30 Timer 04:00
0 Plays Today
Episode Title Answer % Correct
___ Is ComingWinter
94.2%
The Watchers on the ___Wall
90.6%
What Is ___ May Never DieDead
88%
First of His ___Name
87.2%
And Now His ___ Is EndedWatch
85.8%
Battle of the ____Bastards
82.9%
The ___ WomanRed
81.8%
The ___ of CastamereRains
81.7%
___ of ChainsBreaker
80.2%
The North ___Remembers
79.4%
The Old ___ and the NewGods
78.7%
The ___ and the LionWolf
78.2%
___ of the HarpySons
78.1%
Kissed by ___Fire
74.4%
A Man Without ___Honor
67.6%
Episode Title Answer % Correct
The Mountain and the ___Viper
66.3%
Mother's ___Mercy
63.2%
The Lion and the ___Rose
59.7%
The ____ of DragonsDance
59.5%
A Golden ___Crown
59.4%
The ___ of HarrenhalGhost
58.2%
Kill the ___Boy
57.7%
___ Wings, ___ WordsDark
55.9%
___ SwordsTwo
54.1%
The Broken ___Man
50.8%
High ___Sparrow
45.1%
Garden of ___Bones
44.2%
The ___ of Gods and MenLaws
39%
The ___ of WinterfellPrince
38.8%
___ of the StrangerBook
37%

Today's Daily Dose

You're not logged in!

Compare scores with friends on all Sporcle quizzes.
OR
Log In
Forgot?

From the Vault

Country per Third Letter

by puckett86

3rd place will get you everywhere.
Remove Ads.
Support Sporcle.
Get the best of Sporcle when you Go Orange. This ad-free experience offers more features, more stats, and more fun while also helping to support Sporcle. Thank you for becoming a member.

Show Comments

Extras

Top Quizzes Today


Score Distribution

Your Account Isn't Verified!

In order to create a playlist on Sporcle, you need to verify the email address you used during registration. Go to your Sporcle Settings to finish the process.

Report this User

Report this user for behavior that violates our Community Guidelines.

Details: